LEADER 00830nam--2200325---450 001 990001523530203316 005 20210326092054.0 035 $a000152353 035 $aUSA01000152353 035 $a(ALEPH)000152353USA01 035 $a000152353 100 $a20040322d1966----km-y0itay0103----ba 101 $aita 102 $aIT 105 $a||||||||001yy 200 1 $aChi gioca solo$fDanilo Dolci 210 $aTorino$cEinaudi$d1966 215 $a334 p.$d22 cm 225 2 $aSaggi$v390 410 0$12001$aSaggi$v390 454 1$12001 461 1$1001-------$12001 700 1$aDOLCI,$bDanilo$032100 801 0$aIT$bsalbc$gISBD 912 $a990001523530203316 951 $aX.3.B.6(Varie coll. 2 / 390)$b20605 L.M.$cVARIE COLL 959 $aBK 969 $aUMA 996 $aChi gioca solo$9939428 997 $aUNISA LEADER 02214nam0 22004453i 450 001 VAN0181232 005 20230612121530.712 017 70$2N$a9783319491844 100 $a20210712d2017 |0itac50 ba 101 $aeng 102 $aCH 105 $a|||| ||||| 200 1 $a3rd International Symposium of Space Optical Instruments and Applications$eBeijing, China June 26 - 29th 2016$fH. Paul Urbach, Guangjun Zhang editors 210 $aCham$cSpringer$d2017 215 $axi, 517 p.$cill.$d24 cm 410 1$1001VAN0132747$12001 $aSpringer Proceedings in Physics$1210 $aBerlin [etc.]$cSpringer$v192 500 1$3VAN0181241$a3rd International Symposium of Space Optical Instruments and Applications$92080720 606 $a00Bxx$xConference proceedings and collections of articles [MSC 2020]$3VANC021742$2MF 606 $a78-XX$xOptics, electromagnetic theory [MSC 2020]$3VANC022356$2MF 606 $a00A79 (77-XX)$xPhysics [MSC 2020]$3VANC023182$2MF 606 $a85-XX$xAstronomy and Astrophysics [MSC 2020]$3VANC023246$2MF 610 $aData Processing Orbit$9KW:K 610 $aData Processing Satellite$9KW:K 610 $aOptical Detector Astronomy$9KW:K 610 $aOptical Sensor Astronomy$9KW:K 610 $aOptical Sensor Satellite$9KW:K 610 $aRemote Sensor Orbit$9KW:K 620 $aCH$dCham$3VANL001889 702 1$aUrbach$bHendrik Paul$3VANV162755 702 1$aZhang$bGuangjun$3VANV162756 712 12$aInternational Symposium of Space Optical Instruments and Applications$d3.$f2016$eBeijing, China$3VANV162758 712 $aSpringer $3VANV108073$4650 801 $aIT$bSOL$c20240614$gRICA 856 4 $uhttp://doi.org/10.1007/978-3-319-49184-4$zE-book ? Accesso al full-text attraverso riconoscimento IP di Ateneo, proxy e/o Shibboleth 899 $aBIBLIOTECA DEL DIPARTIMENTO DI MATEMATICA E FISICA$1IT-CE0120$2VAN08 912 $fN 912 $aVAN0181232 950 $aBIBLIOTECA DEL DIPARTIMENTO DI MATEMATICA E FISICA$d08CONS e-book 3012 $e08eMF3012 20210712 996 $a3rd International Symposium of Space Optical Instruments and Applications$92080720 997 $aUNICAMPANIA